| 000 | 00000nam 2200000zi 4500 |
| 001 | 9.954220 |
| 003 | CaOODSP |
| 005 | 20250819134143 |
| 006 | m o d f |
| 007 | cr mn |||||||| |
| 008 | 250818e20180516onc obs f000 0 fre d |
| 040 | |aCaOODSP|bfre|erda|cCaOODSP |
| 043 | |an-cn--- |
| 086 | 1 |aCS82-003/2018-5-1F-PDF |
| 100 | 1 |aGarriguet, Didier, |d1974- |eauteur. |
| 245 | 10|aPrise en compte des erreurs de déclaration lors de la comparaison de l’apport énergétique au fil du temps au Canada / |cpar Didier Garriguet. |
| 264 | 1|a[Ottawa] : |bStatistique Canada = Statistics Canada, |cle 16 mai 2018. |
| 264 | 4|c©2018 |
| 300 | |a1 ressource en ligne (pages 3-14). |
| 336 | |atexte|btxt|2rdacontent/fre |
| 337 | |ainformatique|bc|2rdamedia/fre |
| 338 | |aressource en ligne|bcr|2rdacarrier/fre |
| 490 | 1 |aRapports sur la santé, |x1209-1375 ; |vvol. 29, no. 5, [1] |
| 500 | |aTitre de la couverture. |
| 500 | |aPublié aussi en anglais sous le titre : Accounting for misreporting when comparing energy intake across time in Canada. |
| 504 | |aComprend des références bibliographiques (pages 12-13). |
| 520 | 3 |a« Les estimations de l’apport énergétique en 2015 sont inférieures à celles de 2004. L’écart observé est trop important pour s’expliquer par un changement des besoins énergétiques ou de l’activité physique de la population. L’apport alimentaire autodéclaré fait l’objet d’erreurs de déclaration et peut expliquer une partie de cet écart. L’objectif de la présente étude est d’évaluer la façon dont les erreurs de déclaration ont varié entre 2004 et 2015 et de démontrer les répercussions de ces variations sur l’interprétation des données nationales relatives à l’apport énergétique de la population canadienne » -- Résumé, page 3. |
| 650 | 6|aAlimentation|zCanada|vStatistiques. |
| 650 | 6|aHabitudes alimentaires|zCanada|vStatistiques. |
| 650 | 6|aAlimentation|xEnquêtes|zCanada|vStatistiques. |
| 655 | 7|aStatistiques|2rvmgf |
| 710 | 2 |aStatistique Canada, |eorganisme de publication. |
| 775 | 08|tAccounting for misreporting when comparing energy intake across time in Canada / |w(CaOODSP)9.954219 |
| 830 | #0|aRapports sur la santé (Collection)|x1209-1375 ; |vvol. 29, no. 5, [1].|w(CaOODSP)9.950257 |
| 856 | 40|qPDF|s641 Ko|uhttps://publications.gc.ca/collections/collection_2025/statcan/82-003-x/CS82-003-2018-5-1-fra.pdf |
| 856 | 4 |qHTML|sS.O.|uhttps://www150.statcan.gc.ca/n1/pub/82-003-x/2018005/article/54965-fra.htm |